000 00577nam a2200193Ia 4500
999 _c10192
_d10192
003 OSt
005 20191227135437.0
008 190216s9999||||xx |||||||||||||| ||und||
020 _a9780071142823
040 _coclc
082 _a330.09
_bEKE/H
100 _a Ekelund, Robert B
_9844
245 0 _aHistory Of Economic Theory And Method /
_cRobert B Ekelund ; Robert F Hebert
250 _a4th ed.
260 _bMcGraw Hill Companies,
_c1997.
_aNew Delhi:
300 _a602p
650 _aEconomics
942 _cBK
_2ddc
_h330.09
_iEKE/H
_k330.09
_mEKE/H